00350nam a22001337a 450000500170000000800410001702000150005804100130007308200130008610000130009924500520011230000260016465000260019020240318063021.0240318b |||||||| |||| 00| 0 eng d a0702125172 aEnglish  a349 IND  lEnglish  aIndustrial Law Journal : cedited by E Cameron  b183 pages ; c25 cm.  aLegal practice bLaw